[Event "Cheliabinsk"]
[Site "Cheliabinsk"]
[Date "1993.??.??"]
[Round "?"]
[White "Tolstikh, Nikolay"]
[Black "Ulibin, Mikhail"]
[Result "1/2-1/2"]
[WhiteElo "2380"]
[BlackElo "2560"]

1.Nf3 Nf6 2.c4 c5 3.Nc3 e6 4.g3 b6 5.Bg2 Bb7 6.O-O Be7 7.Re1 d5 8.cxd5 exd5
9.d4 O-O 10.Ne5 cxd4 11.Qxd4 Bc5 12.Qa4 Qe7 13.Nd3 d4 14.Bxb7 Qxb7 15.Nxc5 bxc5
16.Nb5 Qd7 17.Qc4 a6 18.Na3 Qh3 19.f3 Nbd7 20.e4 Ne5 21.Qf1 Qxf1+ 22.Rxf1 Rfc8
23.Bf4 Nfd7 24.Rad1 Rab8 25.Rd2 f6 26.Kg2 c4 27.Rc1 c3 28.bxc3 Rxc3 29.Rxc3 dxc3
30.Rc2 Rb2 31.Bc1 Nd3 32.Rxb2 cxb2 33.Bd2 N7e5 34.Bc3 Nc4 35.Nb1 Ne3+ 36.Kg1 Kf7
37.Bd2 Nc4 38.Bc3 Ke6 39.Kf1 a5 40.a3 Nc1 41.Ke1 Nd3+ 42.Ke2 Nc5 43.Kd1 Na4
44.Bd4 Ne5 45.Ke2 Nc6 46.Be3 f5 47.exf5+ Kxf5 48.Kd3 Ne5+ 49.Ke2 Ke6 50.f4 Nc4
51.Bd4 g6 52.g4 Kd5 53.Kd3 Nc5+ 54.Bxc5 Kxc5 55.Ke4 a4 56.Kd3 Nxa3 57.Nxa3 Kb4
58.Nb1 a3 59.Kc2 a2 60.Kxb2 axb1=Q+ 61.Kxb1 Kc4 62.Kc2 Kd4 63.Kd2 Ke4 64.f5 gxf5
65.gxf5 Kxf5  1/2-1/2

[Event "Copenhagen op15"]
[Site "Copenhagen"]
[Date "1993.??.??"]
[Round "4"]
[White "Danielsen, Henrik"]
[Black "From, Sigfred"]
[Result "1-0"]
[WhiteElo "2445"]
[BlackElo "2285"]

1.Nf3 Nf6 2.c4 c5 3.Nc3 e6 4.g3 d5 5.cxd5 exd5 6.d4 Nc6 7.Bg2 Be6 8.O-O Be7
9.Bg5 O-O 10.dxc5 Bxc5 11.Bxf6 Qxf6 12.Nxd5 Qxb2 13.Nc7 Rad8 14.Qc1 Qxc1
15.Raxc1 b6 16.Nxe6 fxe6 17.e3 Rd6 18.Ng5 Ne5 19.Rc2 h6 20.Ne4 Rc6 21.Rd1 Rc7
22.Bf1 Kf7 23.Rdc1 Ke7 24.Bb5 Rd8 25.Kf1 Rd5 26.Ke2 Nf7 27.Ba6 Nd6 28.Nd2 Rd7
29.Nb3 Ba3 30.Rb1 Kf6 31.h4 Ne4 32.Bc8 Rd8 33.Bb7 Re5 34.f4 Nxg3+ 35.Kf3 Rb5
36.Kxg3 Rd3 37.Ba6 Rxe3+ 38.Kf2  1-0

[Event "Copenhagen op15"]
[Site "Copenhagen"]
[Date "1993.??.??"]
[Round "9"]
[White "Berg, Klaus"]
[Black "Ward, Christopher"]
[Result "1/2-1/2"]
[WhiteElo "2395"]
[BlackElo "2430"]

1.Nf3 c5 2.c4 Nf6 3.Nc3 e6 4.e3 b6 5.d4 cxd4 6.exd4 d6 7.Bd3 Be7 8.O-O Nbd7
9.b3 Nf8 10.Ng5 Ng6 11.Qf3 Bd7 12.Nce4 O-O 13.Qh3 h6 14.Nxf6+ Bxf6 15.Nxf7 Kxf7
16.Qh5 Bxd4 17.Qxg6+ Kg8 18.Qh7+ Kf7 19.Qg6+ Kg8 20.Qh7+ Kf7 21.Qg6+ Kg8  1/2-1/2

[Event "CZE Tschechien-ch"]
[Site "?"]
[Date "1993.??.??"]
[Round "1"]
[White "Jirovsky, Milos"]
[Black "Melich, Jindrich"]
[Result "1-0"]
[WhiteElo "2420"]
[BlackElo "2075"]

1.Nf3 Nf6 2.c4 c5 3.Nc3 e6 4.g3 b6 5.Bg2 Bb7 6.O-O Be7 7.d4 cxd4 8.Qxd4 d6
9.Rd1 a6 10.Ng5 Bxg2 11.Kxg2 Nc6 12.Qf4 Ra7 13.Nge4 Rd7 14.Nxf6+ Bxf6 15.Qe4 Ne7
16.Qd3 Qa8+ 17.Kg1 Nc8 18.Ne4 Be7 19.b3 f5 20.Nc3 O-O 21.Qe3 e5 22.a4 a5
23.Ba3 Re8 24.Rd5 Qc6 25.Rad1 Bf8 26.Nb5 g6 27.Qf3 e4 28.Qf4 Re5 29.Qxe5 dxe5
30.Rxd7 Bxa3 31.Rc7 Qxc7 32.Nxc7 Ne7 33.Rd7 Nc6 34.Nd5 Nd4 35.Nf6+ Kf8 36.Nxh7+ Ke8
37.Nf6+ Kf8 38.Rb7 Nxb3 39.Nd7+ Ke8 40.Rxb6 Nd4 41.Nxe5 Nxe2+ 42.Kf1  1-0

[Event "CZE-chT"]
[Site "?"]
[Date "1993.??.??"]
[Round "?"]
[White "Jankovec, Ivan"]
[Black "Styblo, Michal"]
[Result "1/2-1/2"]
[WhiteElo "2265"]
[BlackElo "2310"]

1.Nf3 Nf6 2.c4 c5 3.Nc3 e6 4.g3 b6 5.e4 Bb7 6.Qe2 d6 7.Bg2 Be7 8.O-O O-O
9.d4 cxd4 10.Nxd4 Qc8 11.b3 a6 12.Bb2 Nbd7 13.Rac1 Re8 14.Rfd1 Qb8 15.h3  1/2-1/2

[Event "Dortmund op-A"]
[Site "Dortmund"]
[Date "1993.??.??"]
[Round "10"]
[White "Schwartzman, Gabriel"]
[Black "Sher, Miron N"]
[Result "1/2-1/2"]
[WhiteElo "2455"]
[BlackElo "2500"]

1.c4 e6 2.Nc3 c5 3.Nf3 Nf6 4.g3 d5 5.cxd5 Nxd5 6.Bg2 Nc6 7.O-O Be7 8.d4 O-O
9.Nxd5 exd5 10.dxc5 Bxc5 11.Bg5 f6 12.Bd2 Bf5 13.Rc1 Bb6 14.Bc3 Be4 15.e3 Qe8
16.Re1 Rd8 17.Re2 Ne5 18.Ne1 Bxg2 19.Kxg2 Rf7 20.Bd4 Qb5 21.Rec2 Bxd4 22.Qxd4 Nc6
23.Qc5 Qa4 24.b3 Qe4+ 25.f3 Qe6 26.Rd2 Rfd7 27.Nc2 a6  1/2-1/2

[Event "Dublin zt"]
[Site "Dublin"]
[Date "1993.??.??"]
[Round "5"]
[White "Quinn, Mark"]
[Black "James, D."]
[Result "1/2-1/2"]
[WhiteElo "2270"]
[BlackElo "2285"]

1.c4 c5 2.Nf3 Nf6 3.Nc3 e6 4.g3 b6 5.Bg2 Bb7 6.O-O a6 7.d4 cxd4 8.Qxd4 d6
9.Bg5 Nbd7 10.Rfd1 Qc7 11.Rac1 h6 12.Be3 Be7 13.Ne1 Bxg2 14.Nxg2 O-O 15.Ne4 Nxe4
16.Qxe4 Nf6 17.Qd3 Qb7 18.Bd4 Rfd8 19.Ne3 b5 20.cxb5 axb5 21.Qb3  1/2-1/2

[Event "Eger op"]
[Site "Eger"]
[Date "1993.??.??"]
[Round "3"]
[White "Seres, Lajos"]
[Black "Sleisz, Tamas"]
[Result "0-1"]
[WhiteElo "2340"]
[BlackElo "2215"]

1.Nf3 c5 2.c4 Nf6 3.Nc3 g6 4.g3 b6 5.Bg2 Bb7 6.O-O Bg7 7.d4 cxd4 8.Qxd4 d6
9.Rd1 Nbd7 10.Be3 Rc8 11.Rac1 O-O 12.Qh4 Re8 13.b3 Qc7 14.Bh3 Ba8 15.Nd5 Qb7
16.Bg5 Nxd5 17.cxd5 Rxc1 18.Bxc1 Nf6 19.Ng5 e6 20.Bb2 h6 21.Bxf6 hxg5 22.Qxg5 exd5
23.Bg2 Qa6 24.Bf3 Qxa2 25.Ra1 Qxb3 26.Rxa7 Qb1+ 27.Kg2 Qf5 28.Qxf5 gxf5 29.Bxg7 Kxg7
30.Bh5 d4+ 31.Bf3 Bxf3+ 32.Kxf3 Rb8 33.Rd7 Kf6 34.Rxd6+ Ke5 35.Rc6 b5 36.Rc5+ Kd6
37.Rxf5 b4 38.Ra5 b3 39.Ra1 Kd5 40.Rb1 Kc4 41.Rc1+ Kd5 42.e4+ Ke5 43.Rb1 b2
44.Ke2 Kxe4 45.f3+ Kd5 46.Kd3 Rb3+ 47.Kc2 Rxf3 48.Rxb2 Ke4 49.Kd1 Rf1+ 50.Kc2 Rf2+
51.Kb3 Rxb2+ 52.Kxb2 Ke3  0-1

[Event "Eger op"]
[Site "Eger"]
[Date "1993.??.??"]
[Round "6"]
[White "Mate, Laszlo"]
[Black "Gacso, Tibor"]
[Result "1-0"]
[WhiteElo "2230"]
[BlackElo "2255"]

1.c4 c5 2.Nf3 Nf6 3.Nc3 d5 4.cxd5 Nxd5 5.e4 Nxc3 6.dxc3 Qxd1+ 7.Kxd1 g6 8.Be3 b6
9.a4 Nc6 10.Bb5 Bd7 11.Ke2 a6 12.Bd3 Bg7 13.Rhd1 Bg4 14.a5 bxa5 15.Bxc5 O-O
16.h3 Bxf3+ 17.Kxf3 Rfb8 18.Rd2 Bh6 19.Be3 Bg7 20.Ke2 e6 21.f4 e5 22.f5 Rd8
23.fxg6 hxg6 24.Bc4 Rxd2+ 25.Bxd2 Rb8 26.Bc1 Rb6 27.Bd5 Bf8 28.Kd3 Bc5 29.Bxc6 Rxc6
30.Rxa5 f6 31.Be3 Bxe3 32.Kxe3 Kf7 33.g4 g5 34.Kd3 Ke7 35.b4 Rd6+ 36.Rd5 Rb6
37.Kc4 Rb8 38.Kb3 a5 39.b5 Ke6 40.c4 Ke7 41.Ka4 Rc8 42.c5 Rh8 43.Rd3  1-0

[Event "Eger op"]
[Site "Eger"]
[Date "1993.??.??"]
[Round "7"]
[White "Seres, Lajos"]
[Black "Vajda, Levente"]
[Result "1-0"]
[WhiteElo "2340"]
[BlackElo "2135"]

1.Nf3 Nf6 2.c4 c5 3.Nc3 e6 4.g3 d5 5.cxd5 exd5 6.d4 Nc6 7.Bg2 c4 8.O-O Bb4
9.Bg5 Bxc3 10.bxc3 O-O 11.Ne5 h6 12.Bxf6 Qxf6 13.f4 Qe7 14.Bxd5 Nxe5 15.fxe5 Be6
16.Bg2 Rab8 17.a4 Qc7 18.Qc2 Rfd8 19.Rfb1 b6 20.Rb4 Qe7 21.Rab1 Rbc8 22.Qc1 Bg4
23.R1b2 Be6 24.Qf4 g5 25.Qf6 Qxf6 26.exf6 Bg4 27.h3 Bh5 28.g4 Bg6 29.e4 Re8
30.e5 Red8 31.Kf2 Rc7 32.Ke3 Bd3 33.a5 bxa5 34.Ra4 Rcc8 35.Rxa5 Rb8 36.Rb7 Rxb7
37.Bxb7 Rb8 38.Rxa7 Kh7 39.Be4+ Bxe4 40.Rxf7+ Kg8 41.Rg7+  1-0

[Event "ESP-ch"]
[Site "?"]
[Date "1993.??.??"]
[Round "9"]
[White "Rojo Huerta, Gabriel"]
[Black "Sion Castro, Marcelino"]
[Result "1/2-1/2"]
[WhiteElo "2300"]
[BlackElo "2385"]

1.Nf3 c5 2.c4 Nf6 3.Nc3 d5 4.cxd5 Nxd5 5.g3 g6 6.Bg2 Bg7 7.O-O O-O 8.Nxd5 Qxd5
9.d3 Nc6 10.Be3 Bd7 11.a3 Qd6 12.Rb1 Rac8 13.b4 cxb4 14.axb4 Nxb4 15.Bxa7 b5
16.d4 Na6 17.Ne5 Rfd8 18.Bb7  1/2-1/2

[Event "ESP-chT"]
[Site "?"]
[Date "1993.??.??"]
[Round "?"]
[White "Rodriguez Vargas, Orestes"]
[Black "Franco Ocampo, Zenon"]
[Result "1-0"]
[WhiteElo "2445"]
[BlackElo "2480"]

1.Nf3 c5 2.c4 Nf6 3.Nc3 d5 4.cxd5 Nxd5 5.e4 Nb4 6.Bc4 Nd3+ 7.Ke2 Nf4+ 8.Kf1 Ne6
9.b4 cxb4 10.Nd5 g6 11.d4 Bg7 12.Be3 Nc6 13.h4 h6 14.Rc1 O-O 15.Qd2 Kh7 16.h5 g5
17.e5 a5 18.Bxg5 Nxg5 19.Nxg5+ hxg5 20.h6 Bxe5 21.dxe5 f6 22.exf6 exf6 23.Qc2+ Kh8
24.Qg6 Rg8 25.Qxf6+ Qxf6 26.Nxf6 Rf8 27.Ne4 Ne5 28.Nxg5 Bd7 29.Be6 Rac8 30.Ke2 Bb5+
31.Ke3 Rce8 32.Rh4 Ng6 33.Rc7 Rxe6+ 34.Nxe6 Re8 35.Re4 Bc6 36.Ng5  1-0

[Event "ESP-chT"]
[Site "?"]
[Date "1993.??.??"]
[Round "?"]
[White "Cacho Reigadas, Sergio"]
[Black "De la Villa Garcia, Jesus Maria"]
[Result "0-1"]
[WhiteElo "2360"]
[BlackElo "2440"]

1.Nf3 Nf6 2.c4 c5 3.Nc3 d5 4.cxd5 Nxd5 5.d4 Nxc3 6.bxc3 g6 7.e3 Bg7 8.Be2 O-O
9.O-O Qc7 10.a4 Rd8 11.Qb3 b6 12.a5 Bb7 13.axb6 axb6 14.Rxa8 Bxa8 15.Ba3 Nd7
16.Rb1 e6 17.Nd2 Bd5 18.Bc4 Ra8 19.Bb2 Qc6 20.Bxd5 exd5 21.e4 dxe4 22.d5 Qc7
23.Nxe4 c4 24.Qb5 Nc5 25.d6 Qc8 26.Qxc4 Ra4 27.d7 Qd8 28.Qb5 Rxe4 29.Ba3 Qxd7
30.Qxb6 Na4 31.Qa6 Nxc3 32.Rb8+ Re8 33.Rxe8+ Qxe8 34.g3 h5 35.Qb7 Qe1+ 36.Kg2 Qe4+
37.Qxe4 Nxe4 38.Kf3 f5 39.Ke3 Bf8 40.Bb2 Bc5+ 41.Kf3  0-1

[Event "Eupen op"]
[Site "Eupen"]
[Date "1993.??.??"]
[Round "3"]
[White "Partenheimer, Axel"]
[Black "Chuchelov, Vladimir"]
[Result "0-1"]
[WhiteElo "2280"]
[BlackElo "2500"]

1.Nf3 Nf6 2.c4 c5 3.Nc3 d5 4.cxd5 Nxd5 5.d4 Nxc3 6.bxc3 g6 7.e4 Bg7 8.Bb5+ Nd7
9.O-O O-O 10.Be3 Qa5 11.Qa4 Qxa4 12.Bxa4 cxd4 13.cxd4 Nf6 14.Bc2 b6 15.Rac1 Ba6
16.Rfe1 Rfc8 17.h3 e6 18.Bb1 Bb7 19.Nd2 Ne8 20.e5 f5 21.Bd3 Rxc1 22.Rxc1 Rc8
23.Rxc8 Bxc8 24.Nb1 Nc7 25.Nc3 Bd7 26.a4 Bf8 27.Nb5 Nd5 28.Bd2 a6 29.Nc3 Nc7
30.Bc4 Bb4 31.Ne4 Bxd2 32.Nf6+ Kf7 33.Nxd7 b5 34.axb5 axb5 35.Bb3 Bc3 36.Nf6 Bxd4
37.Nxh7 Bxe5 38.Ng5+ Ke7 39.h4 Bf6 40.g3 Kd6 41.f3 Kc5 42.Bc2 Bc3 43.Kf1 b4
44.Ke2 Kc4  0-1

[Event "Florida Valle op"]
[Site "Florida Valle"]
[Date "1993.??.??"]
[Round "7"]
[White "Garcia, Raimundo"]
[Black "Fuentes, Alberto"]
[Result "1-0"]
[WhiteElo "2375"]
[BlackElo "2315"]

1.Nf3 c5 2.c4 Nf6 3.Nc3 d5 4.cxd5 Nxd5 5.d4 cxd4 6.Qxd4 Nxc3 7.Qxc3 Nc6 8.e4 Bg4
9.Bb5 Rc8 10.O-O Bxf3 11.Qxf3 e6 12.Rd1 Qc7 13.Bf4 e5 14.Be3 Be7 15.Qg4 Bf6
16.Bc5 a6 17.Bb6 h5 18.Qh3 Qb8 19.Qd7+ Kf8 20.Bc4 Ne7 21.Bc7 Qa8 22.Rd6 Rh6
23.Rad1 Re8 24.Bxf7 Kxf7 25.Qe6+ Kg6 26.R1d3 Rd8 27.Rxd8 Qa7 28.Bb6  1-0

[Event "Troll Masters"]
[Site "Gausdal"]
[Date "1993.??.??"]
[Round "3"]
[White "King, Daniel J"]
[Black "Bergstrom, Rolf"]
[Result "1-0"]
[WhiteElo "2500"]
[BlackElo "2240"]

1.c4 c5 2.Nf3 Nf6 3.Nc3 e6 4.g3 d5 5.cxd5 Nxd5 6.Bg2 Nc6 7.O-O Be7 8.d4 O-O
9.Rb1 Bf6 10.e3 cxd4 11.Nxd4 Nxd4 12.exd4 Bd7 13.Nxd5 exd5 14.Be3 Qb6 15.Bxd5 Bf5
16.Rc1 Bh3 17.Re1 Rad8 18.Qh5 Bc8 19.Bb3 Bxd4 20.Bxd4 Qxd4 21.Qe5 Qxe5 22.Rxe5 Bg4
23.Rc7 Rd7 24.Rxd7 Bxd7 25.Bd5 Be6 26.Bxe6 fxe6 27.Rxe6 Kf7 28.Re5 Rd8 29.Rc5 Rd7
30.Kf1 Re7 31.f4 Kf6 32.Kf2 g6 33.g4 Rd7 34.Ke3 Re7+ 35.Kf3 Rd7 36.h4 Rd3+
37.Ke4 Rd2 38.Rc7 Rxb2 39.Rxh7 Rxa2 40.g5+ Ke6 41.Rxb7 Ra4+ 42.Kf3 Ra3+ 43.Kg4 Ra1
44.Rg7 Rg1+ 45.Kf3 Rf1+ 46.Kg3 Kf5 47.Rf7+ Ke4 48.Re7+ Kd5 49.Rxa7 Rg1+ 50.Kf2 Rg4
51.Kf3  1-0

[Event "Geneve op"]
[Site "Geneve"]
[Date "1993.??.??"]
[Round "8"]
[White "Razuvaev, Yuri S"]
[Black "Gurevich, Dmitry"]
[Result "1-0"]
[WhiteElo "2525"]
[BlackElo "2495"]

1.c4 c5 2.Nf3 Nf6 3.Nc3 b6 4.e4 d6 5.d4 cxd4 6.Nxd4 Bb7 7.Qe2 g6 8.g3 Bg7
9.Bg2 O-O 10.O-O e6 11.Rd1 Ne8 12.Ndb5 Nc6 13.Bf4 Qe7 14.Be3 Rb8 15.Rac1 a6
16.Na3 Ba8 17.f4 Nf6 18.Nab1 Rfc8 19.a3 h5 20.h3 Nh7 21.Na4 Qc7 22.Qf2 b5
23.Nb6 Re8 24.e5 Nxe5 25.Nxa8 Rxa8 26.fxe5 d5  1-0

[Event "BL2-O9293"]
[Site "Germany"]
[Date "1993.??.??"]
[Round "?"]
[White "Espig, Lutz"]
[Black "Womacka, Mathias"]
[Result "0-1"]
[WhiteElo "2445"]
[BlackElo "2430"]

1.Nf3 c5 2.c4 Nf6 3.Nc3 e6 4.g3 b6 5.Bg2 Bb7 6.O-O Be7 7.d4 cxd4 8.Qxd4 d6
9.Rd1 a6 10.b3 Nbd7 11.e4 Qc8 12.Bb2 O-O 13.Qe3 Re8 14.h3 Qc7 15.Rac1 Rad8
16.Nh2 Qb8 17.Ng4 Ba8 18.Ne2 Nxg4 19.hxg4 h6 20.Rc2 Ne5 21.f3 d5 22.exd5 Bc5
23.Bd4 exd5 24.Bxc5 bxc5 25.cxd5 Bxd5 26.Qc3 Bxf3 27.Rxd8 Qxd8 28.Bxf3 Qd1+
29.Kf2 Nd3+ 30.Qxd3 Qxd3 31.Rc4 g5 32.Nc3 Re3 33.Be2 Qd2  0-1

[Event "GER-ch (Women)"]
[Site "Germany"]
[Date "1993.??.??"]
[Round "?"]
[White "Rehbein, Claudia"]
[Black "Hund, Isabel"]
[Result "0-1"]
[WhiteElo "2280"]
[BlackElo "2115"]

1.c4 c5 2.Nf3 Nf6 3.Nc3 d5 4.cxd5 Nxd5 5.g3 Nc6 6.Bg2 Nc7 7.d3 e5 8.O-O Be7
9.b3 O-O 10.Bb2 Bd7 11.Rc1 f6 12.Nd2 Rc8 13.Nc4 Re8 14.Qd2 Bf8 15.Rfd1 b6
16.Ne4 Nb5 17.e3 Bg4 18.Re1 Nb4 19.Bf1 Nxa2 20.Ra1 Nb4 21.Nc3 Nxc3 22.Bxc3 Nc6
23.Bg2 Qd7 24.Na3 Red8 25.Bf1 Bh3 26.Bxh3 Qxh3 27.Red1 Rd7 28.Nc4 Rcd8 29.Qc2 Qe6
30.Rd2 g6 31.Rad1 Bg7 32.Re2 f5 33.f4 e4 34.Bxg7 Kxg7 35.Nb2 exd3 36.Nxd3 Nb4
37.Qc3+ Qf6  0-1

[Event "GER CupT"]
[Site "Germany"]
[Date "1993.??.??"]
[Round "?"]
[White "Pienski, Olaf"]
[Black "Michaelsen, Nils"]
[Result "0-1"]
[WhiteElo "2160"]
[BlackElo "2405"]

1.c4 Nf6 2.Nc3 c5 3.Nf3 e6 4.g3 b6 5.Bg2 Bb7 6.O-O d6 7.d4 cxd4 8.Nxd4 Bxg2
9.Kxg2 Be7 10.e4 a6 11.Be3 O-O 12.Rc1 Qc7 13.b3 Qb7 14.f3 Nbd7 15.Qc2 Rfe8
16.Bf2 Bf8 17.Kg1 Rac8 18.Rfe1 g6 19.Qd2 Ne5 20.h3 Ned7 21.Qe3 Rc7 22.g4 Rec8
23.Nde2 b5 24.cxb5 axb5 25.Nd4 b4 26.Na4 e5 27.Ne2 d5 28.Rxc7 Rxc7 29.g5 Nh5
30.Qd3 dxe4 31.fxe4 Qc8 32.Rd1 Be7 33.h4 Nf8 34.Qf3 Rc2 35.Nb6 Qa6 36.Nd5 Bd6
37.Ng3 Nf4 38.Nf6+ Kh8 39.Kh2 N8e6 40.Nh1 Nd4 41.Qg4 Qxa2 42.Rf1 Nde6 43.h5 Bc5
44.Kg1 Qxb3 45.Ra1 Nh3+ 46.Kg2 Nxf2 47.Ra8+ Nf8 48.Rxf8+ Bxf8 49.Nxf2  0-1

[Event "BL2-O9293"]
[Site "Germany"]
[Date "1993.??.??"]
[Round "?"]
[White "Liebert, Heinz"]
[Black "Orlowski, Juergen"]
[Result "1-0"]
[WhiteElo "2385"]
[BlackElo "2275"]

1.c4 c5 2.Nf3 Nf6 3.Nc3 e6 4.g3 d5 5.cxd5 Nxd5 6.Bg2 Nc6 7.O-O Be7 8.Nxd5 exd5
9.d4 O-O 10.dxc5 Bxc5 11.Qc2 Bb6 12.b3 Bg4 13.Bb2 Re8 14.e3 Rc8 15.Qd2 Qd7
16.Nd4 Ne5 17.Rac1 Rxc1 18.Rxc1 h5 19.Rf1 h4 20.f3 Bh3 21.g4 Bxg2 22.Kxg2 Ng6
23.Nf5 Qe6 24.Bd4 Bxd4 25.Qxd4 Qe5 26.Qxe5 Nxe5 27.Rd1 Nc6 28.Kf2 h3 29.Rxd5 g6
30.Ng3 Nb4 31.Rd2 Rc8 32.Ne4 Rc1 33.Kg3 Re1 34.Rd8+ Kg7 35.g5 Nc6 36.Rd7 Rxe3
37.Rxb7 Nd4 38.Kxh3 Nxf3 39.Kg4 Nxh2+ 40.Kf4 Rf3+ 41.Ke5 Ng4+ 42.Kd4 a5 43.Ra7 Rf5
44.Nd6 Rf4+ 45.Kc5 Ne5 46.Rxa5 Rg4 47.Ne8+ Kf8 48.Nf6 Nd3+ 49.Kc6 Nb4+ 50.Kd6 Rd4+
51.Kc5  1-0

[Event "BL2-O9293"]
[Site "Germany"]
[Date "1993.??.??"]
[Round "?"]
[White "Schmidt, Wlodzimierz"]
[Black "Womacka, Mathias"]
[Result "1-0"]
[WhiteElo "2425"]
[BlackElo "2430"]

1.Nf3 c5 2.c4 Nf6 3.Nc3 e6 4.g3 b6 5.Bg2 Bb7 6.O-O Be7 7.d4 cxd4 8.Qxd4 d6
9.b3 O-O 10.Rd1 Nbd7 11.e4 Qc8 12.Bb2 a6 13.Qe3 Re8 14.Nd4 Qc7 15.Qe2 Bf8
16.Re1 Rad8 17.Rad1 Qb8 18.h3 Ba8 19.Qf1 Bb7 20.f4 g6 21.e5 Nh5 22.Bxb7 Qxb7
23.g4 Ng7 24.Ne4 Be7 25.Nxd6 Bxd6 26.exd6 Nc5 27.Nf3 Ne4 28.d7 Re7 29.Qe2 Nc5
30.Bf6 Rdxd7 31.Bxe7 Rxe7 32.Rd8+ Ne8 33.Red1 f6 34.g5 fxg5 35.fxg5 e5 36.R1d5 Ne6
37.Rxe5 Kf7 38.Rd1 N8g7 39.Rf1 Kg8 40.Qe4 Qc7 41.Re1 Rf7 42.Nh2 Nf8 43.Ng4 Nf5
44.Qd3 Qc6 45.Rxf5  1-0

[Event "BL2-S9293"]
[Site "Germany"]
[Date "1993.??.??"]
[Round "?"]
[White "Klebel, Martin"]
[Black "Schulze, Ulrich"]
[Result "0-1"]
[WhiteElo "2410"]
[BlackElo "2400"]

1.c4 Nf6 2.Nc3 c5 3.Nf3 g6 4.e4 Bg7 5.d4 cxd4 6.Nxd4 Nc6 7.Nc2 d6 8.Be2 Nd7
9.Nd5 Nc5 10.f3 f5 11.exf5 Bxf5 12.O-O O-O 13.Nce3 Bd7 14.Rb1 Nd4 15.Bd2 e6
16.Nc3 a5 17.Nc2 Nxc2 18.Qxc2 Bd4+ 19.Kh1 Qh4 20.Be1 Qf6 21.Bg3 Be5 22.Ne4 Nxe4
23.Qxe4 Bxg3 24.hxg3 Bc6 25.Qe3 d5 26.b3 d4 27.Qd2 e5 28.Bd3 Kg7 29.Rbe1 Qd6
30.Be4 h6 31.Bxc6 bxc6 32.Re4 c5 33.Rfe1 Rf5 34.g4 Rg5 35.f4 Rxg4 36.Rxe5 Rf8
37.Rd5 Qxf4 38.Re7+ Rf7 39.Qxf4 Rxf4 40.Rxf7+ Rxf7 41.Rxc5 Rd7 42.Re5 Kf6
43.Re1 Re7 44.Rf1+ Ke5 45.Kg1 h5 46.Rf3 Kd6 47.Kf2 Kc5 48.Rg3 Re5 49.Rd3 g5
50.Kf3 Re1 51.a4 Re7 52.Kf2 g4 53.Kf1 h4 54.Kf2 Re4 55.Rd1 Re3 56.Rb1 g3+  0-1

[Event "Graz zt"]
[Site "Graz"]
[Date "1993.??.??"]
[Round "1"]
[White "Lobron, Eric"]
[Black "Gostisa, Leon"]
[Result "1/2-1/2"]
[WhiteElo "2620"]
[BlackElo "2460"]

1.c4 Nf6 2.Nc3 e6 3.Nf3 c5 4.e3 d5 5.d4 Nc6 6.a3 a6 7.Bd3 dxc4 8.Bxc4 b5
9.Ba2 Bb7 10.O-O Bd6 11.dxc5 Bxc5 12.Qc2 Qe7 13.Bd2 Rc8 14.Rac1 Bd6 15.Bb1 Na5
16.Rfd1 O-O 17.Be1 Nc4 18.Ng5 g6 19.Qe2 Rc5 20.Nge4 Nxe4 21.Nxe4 Bxe4 22.Bxe4 Rfc8
23.g3 R5c7 24.Rc2 Bc5 25.Bg2 Bb6 26.Rdc1 Ne5 27.Rxc7 Rxc7 28.Rxc7 Qxc7 29.Bc3 Ba5
30.Bxe5 Qxe5 31.Bb7 Qd6 32.Qc2 Bd8 33.b4 a5 34.Qc6  1/2-1/2

[Event "Graz zt"]
[Site "Graz"]
[Date "1993.??.??"]
[Round "12"]
[White "Wirthensohn, Heinz"]
[Black "Gostisa, Leon"]
[Result "0-1"]
[WhiteElo "2400"]
[BlackElo "2460"]

1.Nf3 Nf6 2.c4 c5 3.Nc3 e6 4.g3 b6 5.Bg2 Bb7 6.O-O d6 7.e3 Nbd7 8.d4 cxd4
9.exd4 Rc8 10.d5 e5 11.Qe2 Be7 12.Nh4 O-O 13.Nf5 a6 14.Bg5 h6 15.Bh4 g6 16.Nxh6+ Kg7
17.Ng4 Nxg4 18.Bxe7 Qxe7 19.Qxg4 Rh8 20.Qe2 f5 21.f4 Rhe8 22.fxe5 Nxe5 23.Rae1 Rxc4
24.Qd2 Qc7 25.Rf4 Qc5+ 26.Kh1 b5 27.Rxc4 Nxc4 28.Qc1 Rxe1+ 29.Qxe1 Qe3 30.Qxe3 Nxe3
31.Bf3 b4 32.Ne2 Nd1 33.Nd4 Nxb2 34.Nc6 Nd3 35.Be2 Ne5 36.Nxb4 a5 37.Nc6 Nxc6
38.dxc6 Bxc6+ 39.Kg1 Kf6 40.Kf2 Ke5 41.Ke3 g5 42.h4 f4+ 43.gxf4+ gxf4+ 44.Kf2 Be4
45.Bd1 d5 46.Bg4 d4 47.Ke2 d3+ 48.Kd2 Kd4 49.a3 Bg2 50.Bf5 Be4 51.Bg4 Bh7
52.Bf3 Kc4 53.Bg2 Bg6 54.Bf1 f3 55.a4 Kd4 56.h5 Bh7 57.h6 Bf5 58.Bh3 Bg6
59.Bf1 Kc4 60.Ke3 Kc3 61.Kxf3 d2 62.Be2 Bh5+ 63.Kf2 Bxe2 64.h7 d1=Q 65.h8=Q+ Kb3
66.Qb8+ Kxa4 67.Qf4+ Kb3 68.Qb8+ Ka3 69.Qf8+ Ka2  0-1

[Event "Groningen op"]
[Site "Groningen"]
[Date "1993.??.??"]
[Round "1"]
[White "Serrer, Christoph"]
[Black "Hutters, Tomas"]
[Result "1/2-1/2"]
[WhiteElo "2285"]
[BlackElo "2430"]

1.Nf3 Nf6 2.c4 e6 3.Nc3 c5 4.g3 b6 5.Bg2 Bb7 6.O-O Nc6 7.b3 Be7 8.d4 Nxd4
9.Nxd4 Bxg2 10.Kxg2 cxd4 11.Qxd4 Qc7 12.Qf4 Qc6+ 13.Qf3 Rc8 14.Bb2 O-O 15.Rfd1 a6
16.Rd3 b5 17.Qxc6 dxc6 18.Rad1 Rfd8 19.Rxd8+ Rxd8 20.Rxd8+ Bxd8 21.cxb5 cxb5
22.a4 bxa4 23.Nxa4 Ne4 24.f3 Nd2 25.Nc5 Be7 26.Nxa6 Nxb3 27.Bc3 f6  1/2-1/2

[Event "Groningen op"]
[Site "Groningen"]
[Date "1993.??.??"]
[Round "4"]
[White "Arbakov, Valentin"]
[Black "Peek, Marcel"]
[Result "1-0"]
[WhiteElo "2460"]
[BlackElo "2315"]

1.c4 Nf6 2.Nc3 c5 3.Nf3 e6 4.g3 d5 5.cxd5 exd5 6.d4 Nc6 7.Bg2 Be7 8.O-O O-O
9.dxc5 Bxc5 10.b3 a6 11.Bb2 Re8 12.e3 Ba7 13.Ne2 Bf5 14.Nf4 Be4 15.Bxf6 Qxf6
16.Nxd5 Qh6 17.Nc3 Rad8 18.Qc1 Bxf3 19.Bxf3 Rxe3 20.Bxc6 bxc6 21.Rd1 Rde8
22.Kg2 R3e6 23.Qxh6 Rxh6 24.Rd7 Bc5 25.Rc1 Rd6 26.Rxd6 Bxd6 27.Kf3 Ba3 28.Rc2 Kf8
29.Ne4 Rc8 30.Rc4 a5 31.Ra4 Bb4 32.a3 Be1 33.Ke2 f5 34.Nd6 Rd8 35.Nxf5 Bc3
36.Rc4 Bb2 37.a4 Rd5 38.Ne3 Rd6 39.Rf4+ Bf6 40.Rf5 g6 41.Rxa5  1-0

[Event "Groningen PCA"]
[Site "Groningen"]
[Date "1993.??.??"]
[Round "5"]
[White "Georgiev, Kiril"]
[Black "Yermolinsky, Alex"]
[Result "0-1"]
[WhiteElo "2660"]
[BlackElo "2605"]

1.c4 c5 2.Nf3 Nf6 3.Nc3 e6 4.g3 b6 5.Bg2 Bb7 6.O-O Be7 7.d4 cxd4 8.Qxd4 d6
9.b3 Nbd7 10.Nb5 Nc5 11.Rd1 d5 12.cxd5 exd5 13.Bb2 O-O 14.Qf4 Nce4 15.Nd2 Nc5
16.Rac1 Ne6 17.Qf5 Qd7 18.Nc3 d4 19.Nce4 Rad8 20.Nxf6+ Bxf6 21.Be4 Bxe4 22.Nxe4 Be7
23.e3 Qd5 24.Qxd5 Rxd5 25.Bxd4 Rfd8 26.Nc3 R5d7 27.Ne2 Bc5 28.Rc4 g6 29.Kg2 Rd6
30.a4 a6 31.Kf3 b5 32.axb5 axb5 33.Rc3 Bxd4 34.exd4 Nxd4+ 35.Nxd4 Rxd4 36.Rxd4 Rxd4
37.Ke3 Rd5 38.Rd3 Rc5 39.Kd4 Rc2 40.Rf3 f5 41.Kd3 Rc5 42.Re3 Kf7 43.f4 b4
44.h4 Rc7 45.Kd4 Kg7 46.h5 Kh6 47.hxg6 hxg6 48.Re6 Rc3 49.Re3 Rc1 50.Re6 Rg1
51.Re3 Rc1 52.Re6 Kh5 53.Rb6 Rc3 54.Rxb4 Rxg3 55.Ke5 Re3+ 56.Kd4 Rf3 57.Ke5 Kg4
58.Rb6 Re3+ 59.Kd4 Kxf4 60.Rxg6 Rxb3  0-1

[Event "Hastings op9394"]
[Site "Hastings"]
[Date "1993.??.??"]
[Round "?"]
[White "Mestel, A Jonathan"]
[Black "Kumaran, Dharshan"]
[Result "1/2-1/2"]
[WhiteElo "2515"]
[BlackElo "2385"]

1.Nf3 Nf6 2.c4 c5 3.Nc3 e6 4.g3 b6 5.Bg2 Bb7 6.b3 Be7 7.Bb2 O-O 8.O-O d5
9.e3 Nbd7 10.d3 Rc8 11.Qe2 Qc7 12.Ne1 a6 13.f4 b5 14.cxb5 d4 15.Ne4 axb5
16.exd4 cxd4 17.Bxd4 Bd5 18.Nf3 Qb7 19.Nfg5 Rfd8 20.Rac1 h6 21.Rxc8 Rxc8
22.Nxf6+ Bxf6 23.Bxf6 Nxf6 24.Ne4 Qa7+ 25.Kh1 Qd4 26.Nxf6+ Qxf6 27.Bxd5 exd5
28.Qe3 Rc2 29.Qe8+ Kh7 30.Qe5 Rxa2 31.Qxd5 Qb2  1/2-1/2

[Event "Hastings op9394"]
[Site "Hastings"]
[Date "1993.??.??"]
[Round "?"]
[White "Pein, Malcolm"]
[Black "Sher, Miron N"]
[Result "1/2-1/2"]
[WhiteElo "2435"]
[BlackElo "2500"]

1.c4 e6 2.Nc3 c5 3.Nf3 Nf6 4.g3 d5 5.cxd5 Nxd5 6.Bg2 Be7 7.O-O O-O 8.d4 Nc6
9.Nxd5 exd5 10.dxc5 Bxc5 11.Bg5 f6 12.Rc1 Bb6 13.Bd2 Bf5 14.e3 Be4 15.Bc3 Qe7
16.Qb3 Rad8 17.Rfd1 Rd7 18.Qb5 Kh8  1/2-1/2

[Event "Havana op"]
[Site "Havana"]
[Date "1993.??.??"]
[Round "?"]
[White "Diaz, Augusto"]
[Black "Ponce, Hiram"]
[Result "1-0"]
[WhiteElo "2285"]
[BlackElo "2335"]

1.c4 Nf6 2.Nc3 c5 3.Nf3 e6 4.g3 b6 5.Bg2 Bb7 6.O-O Nc6 7.b3 Be7 8.Bb2 a6
9.d4 cxd4 10.Nxd4 Qc7 11.e4 Rc8 12.Rc1 Qb8 13.Re1 O-O 14.e5 Ne8 15.Nf3 d6
16.exd6 Nxd6 17.Nd5 Bd8 18.Nf4 Nf5 19.Nh5 Be7 20.Ne5 Rfd8 21.Qg4 g6 22.Nxc6 Bxc6
23.Bxc6 Rxc6 24.Nf6+ Bxf6 25.Bxf6 Rd2 26.Rcd1 Rcd6 27.Rxd2 Rxd2 28.Rd1 Rxd1+
29.Qxd1 h5 30.a4 Kh7 31.Qd7 Qf8 32.h4 g5 33.hxg5 Kg6 34.Qb7 Qb4 35.Qa8 Qe1+
36.Kg2 Nd6 37.Qg8+ Kf5 38.Qh7+  1-0

[Event "Heraklio op"]
[Site "Heraklio"]
[Date "1993.??.??"]
[Round "5"]
[White "Blees, Albert"]
[Black "Kalesis, Nikolaos"]
[Result "1-0"]
[WhiteElo "2415"]
[BlackElo "2410"]

1.Nf3 Nf6 2.c4 c5 3.Nc3 b6 4.g3 Bb7 5.Bg2 e6 6.O-O d6 7.Re1 Be7 8.e4 a6 9.d4 cxd4
10.Nxd4 Qc7 11.Be3 O-O 12.Rc1 Nbd7 13.f4 Rfe8 14.f5 Bf8 15.fxe6 fxe6 16.Bh3 Nc5
17.b4 Ncxe4 18.Nxe4 Nxe4 19.Nxe6 Qf7 20.Rf1 Qe7 21.Qd4 Rab8 22.Rce1 Ba8 23.Nxf8 Rxf8
24.Bf4 b5 25.Bg2 Rbe8 26.Rxe4 Bxe4 27.Re1 Kh8 28.Rxe4 Qf7 29.cxb5 Qxa2 30.h4 axb5
31.h5 Rxe4 32.Bxe4 Qc4 33.Qxc4 bxc4 34.Kf2 Re8 35.Bc6 Rf8 36.Ke3 c3 37.Kd3  1-0